| 000 | 00349nam a2200133Ia 4500 | ||
|---|---|---|---|
| 008 | 240624s9999 xx 000 0 und d | ||
| 041 | _aeng | ||
| 082 | _a300 HAS | ||
| 100 | _aHASAN ZOYA | ||
| 245 | _aUNEQUAL CITIZENS A STUDY OF MUSLIM WOMEN | ||
| 260 |
_c2006 _aNew Delhi _bOxford India |
||
| 300 | _axvii, : 271 : p. : cm. ; 22 | ||
| 365 |
_cRS _b30 |
||
| 999 |
_c21721 _d21721 |
||